Gases en el Océano.
Sparad:
| Huvudupphovsman: | |
|---|---|
| Materialtyp: | Bok |
| Publicerad: |
Valparaíso, Chile:
Ediciones Universitarias de Valparaíso,
2023.
|
| Serie: | Colección Ciencias. Serie Biogeoquímica
|
| Ämnen: | |
| Taggar: |
Lägg till en tagg
Inga taggar, Lägg till första taggen!
|
MARC
| LEADER | 00000nam a22000007a 4500 | ||
|---|---|---|---|
| 003 | CL-VaPUC | ||
| 005 | 20240418101130.0 | ||
| 008 | 230410t2023 ||||| |||| 00| 0 eng d | ||
| 999 | |c 443381 |d 443379 | ||
| 020 | |a 978-956-17-1084-9 | ||
| 040 | |c Pontificia Universidad Católica de Valparaíso | ||
| 082 | 0 | 4 | |2 22 |a 551.46 COR 2023 |
| 100 | 1 | |a Cornejo D'Ottone, Marcela |e autora |9 828433 | |
| 245 | 1 | 0 | |a Gases en el Océano. |
| 260 | |a Valparaíso, Chile: |b Ediciones Universitarias de Valparaíso, |c 2023. | ||
| 300 | |a 65 páginas. | ||
| 490 | 0 | |a Colección Ciencias. |a Serie Biogeoquímica | |
| 500 | |a c.1-10 Donación Ediciones Universitarias. 21-3-2024 | ||
| 583 | |c 20230410 |k Catalogador Asistente | ||
| 650 | 1 | |a Distribución de gases |x Oceanografía |9 888164 | |
| 942 | |2 ddc |c BK | ||
| 952 | |0 0 |1 0 |2 ddc |4 0 |6 551_460000000000000_COR_2023 |7 0 |8 A |9 593908 |a BIBCUR |b BIBCUR |d 2024-04-01 |e Donación |i 5660555 |l 2 |o 551.46 COR 2023 |p 5660555 |r 2025-04-22 |s 2024-08-12 |t 1 |w 2024-04-01 |y BK |k CIM | ||
| 952 | |0 0 |1 0 |2 ddc |4 0 |6 551_460000000000000_COR_2023 |7 0 |8 A |9 593909 |a BIBCUR |b BIBCUR |d 2024-04-01 |e Donación |i 5660556 |o 551.46 COR 2023 |p 5660556 |r 2025-04-22 |t 2 |w 2024-04-01 |y BK |k CIM | ||
| 952 | |0 0 |1 0 |2 ddc |4 0 |6 551_460000000000000_COR_2023 |7 0 |8 A |9 593910 |a BIBCUR |b BIBCUR |d 2024-04-01 |e Donación |i 5660557 |o 551.46 COR 2023 |p 5660557 |r 2025-04-22 |t 3 |w 2024-04-01 |y BK |k CIM | ||
| 952 | |0 0 |1 0 |2 ddc |4 0 |6 551_460000000000000_COR_2023 |7 0 |8 A |9 593911 |a BIBCUR |b BIBCUR |d 2024-04-01 |e Donación |i 5660558 |o 551.46 COR 2023 |p 5660558 |r 2025-04-22 |t 4 |w 2024-04-01 |y BK |k CIM | ||
| 952 | |0 0 |1 0 |2 ddc |4 0 |6 551_460000000000000_COR_2023 |7 0 |8 A |9 593912 |a BIBCUR |b BIBCUR |d 2024-04-01 |e Donación |i 5660559 |o 551.46 COR 2023 |p 5660559 |r 2025-04-22 |t 5 |w 2024-04-01 |y BK |k CIM | ||
| 952 | |0 0 |1 0 |2 ddc |4 0 |6 551_460000000000000_COR_2023 |7 0 |8 A |9 593913 |a BIBCUR |b BIBCUR |d 2024-04-01 |e Donación |i 5660560 |o 551.46 COR 2023 |p 5660560 |r 2025-04-22 |t 6 |w 2024-04-01 |y BK |k CIM | ||
| 952 | |0 0 |1 0 |2 ddc |4 0 |6 551_460000000000000_COR_2023 |7 0 |8 A |9 593914 |a BIBCUR |b BIBCUR |d 2024-04-01 |e Donación |i 5660561 |o 551.46 COR 2023 |p 5660561 |r 2025-04-22 |t 7 |w 2024-04-01 |y BK |k CIM | ||
| 952 | |0 0 |1 0 |2 ddc |4 0 |6 551_460000000000000_COR_2023 |7 0 |8 A |9 593915 |a BIBCUR |b BIBCUR |d 2024-04-01 |e Donación |i 5660562 |o 551.46 COR 2023 |p 5660562 |r 2025-04-22 |t 8 |w 2024-04-01 |y BK |k CIM | ||
| 952 | |0 0 |1 0 |2 ddc |4 0 |6 551_460000000000000_COR_2023 |7 0 |8 A |9 593916 |a BIBCUR |b BIBCUR |d 2024-04-01 |e Donación |i 5660563 |l 1 |o 551.46 COR 2023 |p 5660563 |q 2025-05-14 |r 2025-04-22 |s 2025-04-14 |t 9 |w 2024-04-01 |y BK |k CIM | ||
| 952 | |0 0 |1 0 |2 ddc |4 0 |6 551_460000000000000_COR_2023 |7 0 |8 A |9 593917 |a BIBCUR |b BIBCUR |d 2024-04-01 |e Donación |i 5660564 |l 2 |o 551.46 COR 2023 |p 5660564 |r 2025-04-22 |s 2024-07-11 |t 10 |w 2024-04-01 |y BK |k CIM | ||